• 首页
  • 本馆介绍
  • 公告通知
  • 最新文献
  • 馆藏检索
  • 电子资源
  • 读者导购
  • 参考咨询
  • 我的图书馆
  • 登录
  • 详细信息显示
  • 放入我的书架
  • 预约/预借图书
  • 作者相关作品
  • 分类相关作品
  • 丛书相关作品
  • 出版社相关作品

书目信息

  • 表格格式
  • 工作单格式
  • 卡片格式
题名:
王权背后的女人
    
 
作者: 灵犀无翼 著
分册:   帝女花
出版信息: 北京   北京工业大学出版社  2017
页数: 313页
开本: 21cm
丛书名:
单 册:
中图分类: K828.5=2
科图分类:
主题词: 公主--gong zhu--生平事迹--中国--古代
电子资源:
ISBN: 978-7-5639-5019-5
000 00934nam0 22002411 450
001 0118172319
005 20170618172319.0
010    @a978-7-5639-5019-5@dCNY35.00
100    @a20170309d2017 em y0chiy50 ea
101 0  @achi
102    @aCN@b110000
105    @ay z 000d
106    @ar
200 1  @a王权背后的女人@Awang quan bei hou de nv ren@i帝女花@f灵犀著
210    @a北京@c北京工业大学出版社@d2017
215    @a313页@d21cm
330    @a本书内容包括:解忧公主——朔风一夜暗生香,但有梅花吹不尽;千金公主——曼陀罗的彼岸,没有眼泪;兰陵公主——爱,是雪地里的那颗寒松;平阳公主——我是你近旁独一无二的木棉;太平公主——行走在刀锋边上,微笑的罂粟;福康公主——暗夜里的昙花,只开一次等。
517 1  @a帝女花@Adi nv hua
606 0  @a公主@Agong zhu@x生平事迹@y中国@z古代
690    @aK828.5=2@v5
701  0 @a灵犀无翼@Aling xi wu yi@f(198?~)@4著
801  0 @aCN@bTANGWEI@c20170615
905    @b1009347-52@dK828.5=2@e82@f6
    
    王权背后的女人.帝女花/灵犀著.-北京:北京工业大学出版社,2017
    313页;21cm
    
    
    ISBN 978-7-5639-5019-5:CNY35.00
    本书内容包括:解忧公主——朔风一夜暗生香,但有梅花吹不尽;千金公主——曼陀罗的彼岸,没有眼泪;兰陵公主——爱,是雪地里的那颗寒松;平阳公主——我是你近旁独一无二的木棉;太平公主——行走在刀锋边上,微笑的罂粟;福康公主——暗夜里的昙花,只开一次等。
●
相关链接 在E读中查询图书 在五车中查询图书 在当当中查询图书 在豆瓣中查询图书


正题名:王权背后的女人     索取号:K828.5=2/82         预约/预借

序号 登录号 条形码 馆藏地/架位号 状态 备注
1 1009347   210093478   第二样本阅览室/ [索取号:K828.5=2/82] 在馆    
2 1009348   210093487   教育系资料室/ [索取号:K828.5=2/82] 在馆    
3 1009349   210093496   教育系资料室/ [索取号:K828.5=2/82] 在馆    
4 1009350   210093502   教育系资料室/ [索取号:K828.5=2/82] 在馆    
5 1009351   210093511   第二借阅区/ [索取号:K828.5=2/82] 在馆    
6 1009352   210093520   第二借阅区/ [索取号:K828.5=2/82] 在馆    
唐山师范学院图书馆 欢迎您!
大连网信软件有限公司© 版权所有